Bomber aircraft by Picture - Statistics

General Stats
  • This quiz has been taken 571 times
  • The average score is 10 of 20
Answer Stats
Picture Answer % Correct
Northrop Grumman B-2 Spirit
99%
Boeing B-52 Stratofortress
93%
Boeing B-29 Superfortress
73%
Rockwell B-1 Lancer
73%
Boeing B-17 Flying Fortress
67%
Tupolev Tu-95
62%
Avro Vulcan
59%
Avro Lancaster
57%
Consolidated B-24 Liberator
54%
Tupolev Tu-160
45%
North American B-25 Mitchell
43%
Convair B-36 Peacemaker
38%
Heinkel He-111
34%
Martin B-26 Marauder
33%
Junkers Ju-88
27%
Tupolev Tu-22M
26%
Boeing B-47 Stratojet
25%
Xian H-6
24%
Handley Page Halifax
21%
Ilyushin Il-28
14%
No matching quizzes found
Score Distribution
Percent of People with Each Score
Percentile by Number Answered
Your Score History
You have not taken this quiz